000 00662nam a2200205Ii 4500
003 JO-AjNU
008 230605s9999||||xx |||||||||||||| ||und||
017 _a2012/5/723
040 _aJO-AjNU
_bara
_erda
_cJO-AjNU
041 _aara
050 1 4 _aPJ7852 2012
100 3 _aتأليف الجريري، خالدة,
_eauthor
_950523
245 0 0 _aأنا أكتب.....وأنت تكتب
264 3 1 _aعمان:دار آمنة للنشر والتوزيع،2012
300 _a396ص
336 _atext
_btxt
_2rdacontent
337 _aunmediated
_bn
_2rdamedia
338 _avolume
_bnc
_2rdacarrier
650 4 _aالأدب العربي - قصص - خواطر
_950524
999 _aA22261
_c25829
_d25829